Регионална библиотека "Любен Каравелов" - Русе

Доня Барбара | Сеньор президентът (Запис номер 49166)

MARC детайли
000 -Лидер
Контролно поле с фиксирана дължина 01846nam a2200397 c 4500
003 - Код на организацията, давaща контролен номер
Контролно поле BLK
005 - Дата и час на последна редакция
Контролно поле 20250203155702.0
008 - Елементи от данни с фиксирана дължина
fixed length control field 180408b bul|||||r ||||||| ||bul||
010 ## - Наследен системен номер
LC control number KNG00053015000
040 ## - Източник на каталожния запис
Идентификатор на билиотеката - собственик на записа BLK
041 ## - Код за език
Код за езика на текст/звукозапис или на отделно заглавие Български
Код за езика КДБФ Български
080 ## - УДК
Текстов определител УДК Венецуелска литература
УДК код - определител по УДК 821.134.2(87)
УДК определител -31
УДК - код + определител 821.134.2(87)-31
080 ## - УДК
Текстов определител УДК Гватемалска литература
УДК код - определител по УДК 821.134.2(728)
УДК определител -31
УДК - код + определител 821.134.2(728)-31
100 1# - Редна дума - Автор
Автор Галиегос, Ромуло
Авторска отговорност първи автор
R(LIN) 50772
139 ## - Редно поле
Редна дума Галиегос, Ромуло
Авторски знак Гал - Г 18
245 10 - Сведения за заглавието
Заглавие Доня Барбара
Подзаглавни данни Роман
Редно поле (дума) Ромуло Галиегос; прев. от исп. Стефан Савов; * Мигел Анхел Астуриас; * Валентина Рафаилова.
245 10 - Сведения за заглавието
Заглавие Сеньор президентът
Подзаглавни данни Роман
Редно поле (дума) Мигел Анхел Астуриас. Прев. от исп. Валентина Рафаилова
257 ## - Страна на издаване
Страна на създаване/издаване Гватемала
-- Венецуела
260 ## - Област на издателските данни
Име на издателя, разпространителя и проч. Нар. култура
Година на издаване 1979
Печатница Враца : печ. В. Александров
Място на издаване, разпространение и проч. София
300 ## - Физическа характеристика
Страници 575 с.
Размери/Мащаб 21 см
380 ## - Жанр
Жанр Худож. лит.
490 ## - СЕРИИ (Колекции)
Име на серия Библиотека Световна класика
9 (RLIN) 201621
500 ## - Общи забележки
Забележка Ориг. загл. Dona Barbara ; El Senor Presidente. - В кн. означено 1. и 2. изд. - 60 125 тир.
653 ## - Ключова дума – ненормативна
Ключова дума романи
700 1# - Други автори (авторска отговорност)
Лично име Савов, Стефан
Автороска отговорност (Описва отношението между автора и произведението) прев. от исп.
9 (RLIN) 282594
700 1# - Други автори (авторска отговорност)
Лично име Астуриас, Мигел Анхел
Автороска отговорност (Описва отношението между автора и произведението) *
9 (RLIN) 34101
700 1# - Други автори (авторска отговорност)
Лично име Рафаилова, Валентина
Автороска отговорност (Описва отношението между автора и произведението) *
9 (RLIN) 282595
852 ## - Местоположение
Форматна сигнатура Цб 99413
856 4# - Електронен адрес и достъп
Електронен формат pdf - файл
Инструкция (цена за достъп) 0.00
Права за достъп disable
856 4# - Електронен адрес и достъп
Електронен формат pdf - файл
Инструкция (цена за достъп) 0.00
Права за достъп disable
999 ## - СИСТЕМНИ КОНТРОЛНИ НОМЕРА
Koha biblionumber 49166
Koha biblioitemnumber 49166
942 ## - АРТИКУЛИ
Вид на библиотечния материал Книги
Скрит в OPAC Не
Koha issues (borrowed), all copies 2
Периодичен библиозапис Да
944 ## - СЪЗДАВАНЕ И РЕДАКЦИЯ на ЗАПИСА
Създаване/Редакция Създаване
Дата на регистрацията/редакция 13.09.2016
Служител, извършил регистрацията/редакцията 30570
Статус, дата на статуса Моника Янева
944 ## - СЪЗДАВАНЕ И РЕДАКЦИЯ на ЗАПИСА
Създаване/Редакция Редакция
Дата на регистрацията/редакция 13.09.2016
Служител, извършил регистрацията/редакцията Кети_Илиева
999 ## - СИСТЕМНИ КОНТРОЛНИ НОМЕРА
Koha biblioitemnumber 49166
999 ## - СИСТЕМНИ КОНТРОЛНИ НОМЕРА
Koha biblioitemnumber 49166
Наличности
Код за отписване Код за изгубен артикул Източник на класификационната схема Код за повреда Коз за рестрикции Код за отдаване Артикулен № Име на библиотеката - собственик Име на библиотеката, в която се намира в момента Статус (Текущо местоположение) Дата на вписване в системата Местоположение - отдел Цена в лева Инвентарен номер Систематично азбучна сигнатура Баркод Номер на екземпляра Цена в евро Служебна бележка Служебен тип на артикула
  Не е изгубен Universal Decimal Classification Не е повреден без рестрикции ползва се в читалня 77028 Регионална библиотека "Любен Каравелов" Русе Регионална библиотека "Любен Каравелов" Русе Хранилище 1979-01-01 Хранилище 4.00 286891 Цб 99413 120000286891 1 2.05 Вид: Сф Дата: 01.01.1979 Книги
Изтеглен Не е изгубен Universal Decimal Classification Не е повреден без рестрикции заемане за дома 77029 Регионална библиотека "Любен Каравелов" Русе Регионална библиотека "Любен Каравелов" Русе Заемна - подръчен фонд 1979-01-01 Заемна - подръчен фонд 4.00 287306 П 860(7/8)/Г 18 287306 2 2.05 Вид: Сф Дата: 01.01.1979 Книги
Изтеглен Не е изгубен Universal Decimal Classification Не е повреден без рестрикции заемане за дома 77030 Регионална библиотека "Любен Каравелов" Русе Регионална библиотека "Любен Каравелов" Русе Заемна - подръчен фонд 1979-01-01 Заемна - подръчен фонд 4.00 287315 821.134.2(7/8)/Г 18 120000287315 3 2.05 Вид: Сф Дата: 01.01.1979 Дата инв: 09.02.2018 Бележки инв: П2018 Книги
Vip Innovations Ltd, Rousse, Bulgaria 2025